000 00360 a2200169 4500
001 191179
020 _a978-85-66653-47-2
040 _cMagnum
100 _aBarreto, Antonio
240 1 0 _aLivro das simpatias
_lpor
245 1 0 _aLivro das simpatias
300 _a72
362 0 _a2014
440 1 _aBaobá
697 _aLITERATURA JUVENIL
942 _cBK
999 _c191179
_d191179